Principles of technical writing /

Bibliographic Details
Main Author: Hays, Robert William, 1925-
Format: Book
Language:English
Published: Reading, Mass. : Addison-Wesley, [1965]
Subjects:

MARC

Tag First Indicator Second Indicator Subfields
LEADER 00000cam a2200000 4500
001 in00000035285
005 20151007060738.0
008 730220s1965 mauab b 00010 eng u
010 |a  65019234  
035 |a (OCoLC)00560619 
035 |9 AAD0047AM 
040 |c WSU  |d TXA  |d UtOrBLW 
049 |a TXAM  |c [461515] 
050 0 |a T11  |b .H38 
092 |a 808.066  |b H425p 
100 1 |a Hays, Robert William,  |d 1925- 
245 1 0 |a Principles of technical writing /  |c by Robert Hays. 
264 1 |a Reading, Mass. :  |b Addison-Wesley,  |c [1965] 
300 |a xii, 324 pages :  |b illustrations, maps. ;  |c 24 cm. 
336 |a text  |b txt  |2 rdacontent 
337 |a unmediated  |b n  |2 rdamedia 
338 |a volume  |b nc  |2 rdacarrier 
504 |a Bibliography: pages 255-266. 
650 0 |a Technical writing. 
650 0 |a Report writing. 
999 |a MARS 
999 f f |s 821ad97a-9716-3a39-b65a-960c00733619  |i 13b8702f-64ed-3af6-91a4-ba447ba46150  |t 0 
952 f f |p normal  |a Texas A&M University  |b College Station  |c Sterling C. Evans Library  |d Evans: Library Stacks  |t 0  |e T11 .H38  |h Library of Congress classification  |i unmediated -- volume  |m A14801195758 
998 f f |a T11 .H38  |t 0  |l Evans: Library Stacks